Elenca la formazione - Quiz n°148 - Statistics

Statistiche generali
  • Questo quiz è stato fatto 91 volte
  • Il punteggio medio è 10 su 11
Statistiche sulle risposte
Ruolo Nazione Calciatore % Corretto
Portiere Italia Alex Meret
98%
Difensore Senegal Kalidou Koulibaly
95%
Difensore Italia Giovanni Di Lorenzo
94%
Ataccante Nigeria Victor Osimhen
93%
Trequartista Polonia Piotr Zieliński
92%
Centrocampista Camerun André Zambo Anguissa
89%
Ala Italia Lorenzo Insigne
89%
Ala Macedonia del Nord Eljif Elmas
83%
Centrocampista Spagna Fabian Ruiz
82%
Difensore Kosovo Amir Rrahmani
79%
Difensore Brasile Juan Jesus
73%
Nessun quiz corrispondente trovato
Distribuzione punteggi
Percentuale di utenti per punteggio
Percentile per numero di risposta
I tuoi punteggi nel tempo
Non hai fatto questo quiz